书目信息 |
| 题名: |
残疾人辅助设备理论与应用研究
|
|
| 作者: | 陈岱民 著 | |
| 分册: | ||
| 出版信息: | 北京 中国纺织出版社 2019.07 |
|
| 页数: | 185页 | |
| 开本: | 24cm | |
| 丛书名: | ||
| 单 册: | ||
| 中图分类: | R496 | |
| 科图分类: | ||
| 主题词: | 残疾人--can ji ren--康复训练--医疗器械--研究 | |
| 电子资源: | ||
| ISBN: | 978-7-5180-5554-8 | |
| 000 | 00817nam0 2200229 450 | |
| 001 | 0105143313 | |
| 005 | 20201105143350.0 | |
| 010 | @a978-7-5180-5554-8@dCNY54.00 | |
| 100 | @a20190514d2019 em y0chiy50 ea | |
| 101 | 0 | @achi |
| 102 | @aCN@b110000 | |
| 105 | @aa z 000yy | |
| 106 | @ar | |
| 200 | 1 | @a残疾人辅助设备理论与应用研究@Acan ji ren fu zhu she bei li lun yu ying yong yan jiu@f陈岱民著 |
| 210 | @a北京@c中国纺织出版社@d2019.07 | |
| 215 | @a185页@c图@d24cm | |
| 330 | @a本书主要包括残疾人康复概述、残疾人辅助器具分类和术语、假肢与矫形器的使用、残疾人轮椅车的使用、残疾人中心辅助器具设施规划、假肢部件的检验等。 | |
| 606 | 0 | @a残疾人@Acan ji ren@x康复训练@x医疗器械@x研究 |
| 690 | @aR496@v5 | |
| 701 | 0 | @a陈岱民@Achen dai min@4著 |
| 801 | 0 | @aCN@bBJSZM@c20201105 |
| 905 | @b1262266-9@dR496@e132@f4 | |
| 残疾人辅助设备理论与应用研究/陈岱民著.-北京:中国纺织出版社,2019.07 |
| 185页:图;24cm |
| ISBN 978-7-5180-5554-8:CNY54.00 |
| 本书主要包括残疾人康复概述、残疾人辅助器具分类和术语、假肢与矫形器的使用、残疾人轮椅车的使用、残疾人中心辅助器具设施规划、假肢部件的检验等。 |
| ● |
| 相关链接 |
|
|
|
|
正题名:残疾人辅助设备理论与应用研究
索取号:R496/132
 
预约/预借
| 序号 | 登录号 | 条形码 | 馆藏地/架位号 | 状态 | 备注 |
| 1 | 1262266 | 212622660 | 第二样本阅览室/ [索取号:R496/132] | 在馆 | |
| 2 | 1262267 | 212622679 | 教育系资料室/ [索取号:R496/132] | 在馆 | |
| 3 | 1262268 | 212622688 | 教育系资料室/ [索取号:R496/132] | 在馆 | |
| 4 | 1262269 | 212622697 | 第三借阅区/ [索取号:R496/132] | 在馆 |